00403 2200169 4500245003700000020001800037250001100055100001900066700002200085650001700107005001900124260003000143041001400173084000800187300002900195336000900224 aCompunerdscEndang RukmanahText a979-780-354-6 aCet. 1 aEndang Rukmana aWidyawati Oktavia aNovel Remaja a20231013102855 aJakartabGagasMediac2009 aIndonesia a813 aviii, 200 hlm. :c19 cm. atext